Management accounting/ (Record no. 14414)
[ view plain ]
| 000 -LEADER | |
|---|---|
| fixed length control field | 00768nam a22002417a 4500 |
| 008 - FIXED-LENGTH DATA ELEMENTS--GENERAL INFORMATION | |
| fixed length control field | 190917b ||||| |||| 00| 0 eng d |
| 020 ## - INTERNATIONAL STANDARD BOOK NUMBER | |
| International Standard Book Number | 9780730326724 |
| 082 ## - DEWEY DECIMAL CLASSIFICATION NUMBER | |
| Edition number | 2017 |
| Classification number | DC 658.1511 |
| Item number | M311 |
| 100 ## - MAIN ENTRY--PERSONAL NAME | |
| Personal name | Eldenburg, Leslie G. |
| 9 (RLIN) | 39745 |
| 245 ## - TITLE STATEMENT | |
| Title | Management accounting/ |
| Statement of responsibility, etc. | Leslie G. Eldenburg and 5 others |
| 250 ## - EDITION STATEMENT | |
| Edition statement | 3rd ed. |
| 260 ## - PUBLICATION, DISTRIBUTION, ETC. (IMPRINT) | |
| Place of publication, distribution, etc. | Australia: |
| Name of publisher, distributor, etc. | Wiley, |
| Date of publication, distribution, etc. | c2017. |
| 300 ## - PHYSICAL DESCRIPTION | |
| Extent | iv, 754 pages: |
| Other physical details | col., ill. |
| Dimensions | 25 cm. |
| 650 ## - SUBJECT ADDED ENTRY--TOPICAL TERM | |
| Topical term or geographic name as entry element | Cost accounting--Textbooks |
| 9 (RLIN) | 39746 |
| 650 ## - SUBJECT ADDED ENTRY--TOPICAL TERM | |
| Topical term or geographic name as entry element | Managerial accounting -- Textbooks. |
| 9 (RLIN) | 39747 |
| 650 ## - SUBJECT ADDED ENTRY--TOPICAL TERM | |
| Topical term or geographic name as entry element | Accounting. |
| 9 (RLIN) | 39748 |
| 700 ## - ADDED ENTRY--PERSONAL NAME | |
| Personal name | Brooks, Albie |
| 9 (RLIN) | 39749 |
| 700 ## - ADDED ENTRY--PERSONAL NAME | |
| Personal name | Oliver, Judy |
| 9 (RLIN) | 39750 |
| 700 ## - ADDED ENTRY--PERSONAL NAME | |
| Personal name | Vesty, Gillian |
| 9 (RLIN) | 39751 |
| 700 ## - ADDED ENTRY--PERSONAL NAME | |
| Personal name | Dormer, Rodney |
| 9 (RLIN) | 39752 |
| 700 ## - ADDED ENTRY--PERSONAL NAME | |
| Personal name | Murthy, Vijaya |
| 9 (RLIN) | 39753 |
| 942 ## - ADDED ENTRY ELEMENTS (KOHA) | |
| Source of classification or shelving scheme | Dewey Decimal Classification |
| Koha item type | Circulation |
| Withdrawn status | Lost status | Source of classification or shelving scheme | Damaged status | Not for loan | Collection code | Home library | Current library | Shelving location | Date acquired | Source of acquisition | Total Checkouts | Full call number | Barcode | Date last seen | Date last checked out | Cost, replacement price | Price effective from | Koha item type |
|---|---|---|---|---|---|---|---|---|---|---|---|---|---|---|---|---|---|---|
| Dewey Decimal Classification | Circulation | UM Digos College - LIC | UM Digos College - LIC | Book Cart | 08/08/2019 | Purchase | 2 | DC 658.1511 M311 2017 | 25615 | 05/15/2025 | 03/25/2020 | 8971.00 | 09/17/2019 | Circulation |
